Statistics for Countries that formed Yugoslavia

Click here to take the quiz!

General Stats

  • This quiz has been taken 504 times
  • The average score is 7 of 7

Answer Stats

Country% Correct
Serbia
98%
Bosnia and Herzegovina
97%
Croatia
97%
Montenegro
95%
Slovenia
95%
Kosovo
93%
Macedonia
93%

Score Distribution

Percentile by Number Answered

Percent of People with Each Score

Your Score History

You have not taken this quiz